Steel detailers' manual / (Record no. 1327)
[ view plain ]
| 000 -LEADER | |
|---|---|
| fixed length control field | 00466 a2200145 4500 |
| 020 ## - INTERNATIONAL STANDARD BOOK NUMBER | |
| International Standard Book Number | 0632055723 |
| 082 ## - DEWEY DECIMAL CLASSIFICATION NUMBER | |
| Classification number | 624.1821 HAY |
| 100 ## - MAIN ENTRY--PERSONAL NAME | |
| Personal name | Hayward, Alan. |
| 245 ## - TITLE STATEMENT | |
| Title | Steel detailers' manual / |
| Statement of responsibility, etc. | Alan Hayward and Frank Weare. |
| 250 ## - EDITION STATEMENT | |
| Edition statement | 2nd ed. / revised by Anthony Oakhill. |
| 260 ## - PUBLICATION, DISTRIBUTION, ETC. | |
| Place of publication, distribution, etc. | Malden, MA : |
| Name of publisher, distributor, etc. | Blackwell Science, |
| Date of publication, distribution, etc. | 2001. |
| 300 ## - PHYSICAL DESCRIPTION | |
| Extent | vi, 167 p. : |
| Other physical details | ill. ; |
| Dimensions | 30 cm. |
| 650 ## - SUBJECT ADDED ENTRY--TOPICAL TERM | |
| Topical term or geographic name entry element | Steel, Structural |
| 650 ## - SUBJECT ADDED ENTRY--TOPICAL TERM | |
| Topical term or geographic name entry element | Building, Iron and steel |
| 650 ## - SUBJECT ADDED ENTRY--TOPICAL TERM | |
| Topical term or geographic name entry element | Building, Iron and steel |
| General subdivision | Details |
| Withdrawn status | Lost status | Damaged status | Not for loan | Permanent Location | Current Location | Shelving location | Date acquired | Total Checkouts | Full call number | Barcode | Date last seen | Price effective from | Koha item type |
|---|---|---|---|---|---|---|---|---|---|---|---|---|---|
| School of Civil and Environmental Engineering (SCEE) | School of Civil and Environmental Engineering (SCEE) | 624.1821 HAY | NIT-3043 | 01/05/2017 | 01/05/2017 | Book |
